[Event "?"]
[Site "Siemens IMT Linz (01)"]
[Date "1996.??.??"]
[Round "?"]
[White "Hellmayr, A."]
[Black "Tibensky, R."]
[Result "0-1"]
[WhiteElo "2300"]
[BlackElo "2425"]
[PlyCount "94"]

1. Nf3 Nf6 2. c4 g6 3. b4 Bg7 4. Bb2 O-O 5. e3 d6 6. Be2 e5 7. O-O Re8 8. Nc3
e4 9. Ne1 Nc6 10. b5 Ne5 11. f3 exf3 12. Nxf3 Nfg4 13. Nxe5 Nxe5 14. d4 Nd7 15.
Qd3 Nb6 16. Bf3 Bf5 17. e4 Be6 18. Nd5 Na4 19. Ba3 c6 20. bxc6 bxc6 21. Nf4 Qb6
22. Ne2 Rad8 23. Rac1 c5 24. Rfd1 Qc7 25. Kh1 Qe7 26. Qe3 Rc8 27. e5 dxe5 28.
dxc5 Nxc5 29. Nc3 Qh4 30. Bxc5 Bh6 31. Qf2 Qxf2 32. Bxf2 Bxc1 33. Rxc1 Rxc4 34.
Ne2 e4 35. Rxc4 Bxc4 36. Bxe4 Rxe4 37. Nc3 Re7 38. h4 Bxa2 39. Nxa2 Re2 40.
Bxa7 Rxa2 41. Bd4 h5 42. Kh2 Kf8 43. Bf6 Ke8 44. Bg5 Kd7 45. Bf6 Kd6 46. Bg5
Ke5 47. Kh3 Ra3+ 0-1

[Event "?"]
[Site "Siemens IMT Linz (01)"]
[Date "1996.??.??"]
[Round "?"]
[White "Banas, J."]
[Black "Weiss, Ch"]
[Result "1-0"]
[WhiteElo "2370"]
[BlackElo "2290"]
[PlyCount "121"]

1. c4 e5 2. Nc3 Bb4 3. Nd5 a5 4. Qb3 Nc6 5. Qg3 Kf8 6. e3 d6 7. Ne2 Nf6 8. a3
Bc5 9. Nec3 h5 10. Nxf6 Qxf6 11. Be2 Bf5 12. Nd5 Qd8 13. O-O h4 14. Qf3 Be6 15.
h3 f5 16. d3 g5 17. Bd1 Kg7 18. Bd2 Qd7 19. Bc3 Raf8 20. d4 Ba7 21. Ba4 Qf7 22.
Bxc6 e4 23. Qe2 bxc6 24. Nxc7 Bc8 25. d5+ Kg6 26. Bxh8 Rxh8 27. Ne6 Bxe6 28.
dxe6 Qxe6 29. b4 g4 30. Rfd1 Rh5 31. Kf1 gxh3 32. gxh3 Rg5 33. Ke1 Qe5 34. Qd2
d5 35. Ke2 Qh2 36. Rh1 Qg2 37. Rag1 Qf3+ 38. Ke1 axb4 39. axb4 f4 40. exf4 Rg2
41. c5 Kf7 42. Qe2 Qc3+ 43. Kf1 Rxg1+ 44. Kxg1 Qc1+ 45. Kg2 Qxf4 46. Qh5+ Kf8
47. Qg4 Qf6 48. Rg1 Ke7 49. Kh1 Bb8 50. Qg7+ Qxg7 51. Rxg7+ Ke6 52. Rg6+ Kd7
53. f3 e3 54. Kg2 Be5 55. Kf1 Bc3 56. Rg4 d4 57. Ke2 Ke6 58. Kd3 Kf5 59. Rxh4
Bxb4 60. Rxd4 Bxc5 61. Rg4 1-0

[Event "?"]
[Site "Siemens IMT Linz (01)"]
[Date "1996.??.??"]
[Round "?"]
[White "Lechtynsky, J."]
[Black "Gross, D."]
[Result "1-0"]
[WhiteElo "2425"]
[BlackElo "2300"]
[PlyCount "65"]

1. Nf3 Nf6 2. c4 e6 3. Nc3 Bb4 4. Qc2 O-O 5. b3 d5 6. e3 c5 7. Be2 d4 8. Na4
dxe3 9. fxe3 Nbd7 10. Bb2 Qe7 11. O-O e5 12. Nc3 b6 13. Nd5 Nxd5 14. cxd5 e4
15. d6 Qxd6 16. Qxe4 Rb8 17. Bc4 Bb7 18. Qg4 Nf6 19. Bxf6 Qxf6 20. Ng5 Qe7 21.
Rxf7 Rxf7 22. Nxf7 b5 23. Be6 Re8 24. Ng5+ Kh8 25. Rf1 Bxd2 26. Nf7+ Kg8 27.
Nd8+ Kh8 28. Rf7 Bxe3+ 29. Kf1 Bxg2+ 30. Qxg2 Qg5 31. Qxg5 Bxg5 32. Nb7 g6 33.
Bd7 1-0

[Event "?"]
[Site "Siemens IMT Linz (01)"]
[Date "1996.??.??"]
[Round "?"]
[White "Knoll, H."]
[Black "Kranzl, P."]
[Result "1/2-1/2"]
[WhiteElo "2245"]
[BlackElo "2225"]
[PlyCount "120"]

1. e4 c6 2. d3 d5 3. Nd2 g6 4. Ngf3 Bg7 5. g3 e5 6. Bg2 Ne7 7. O-O O-O 8. Re1
Nd7 9. b4 a5 10. bxa5 Qxa5 11. Nb3 Qc7 12. Bb2 d4 13. c3 dxc3 14. Bxc3 c5 15.
Qc2 Nc6 16. Bd2 Qd6 17. Rec1 b6 18. a4 Ba6 19. Ne1 Rfd8 20. a5 bxa5 21. Nxa5
Nd4 22. Qd1 Rab8 23. Rab1 Nf8 24. Be3 Nfe6 25. Bf1 h5 26. Nc4 Bxc4 27. Rxc4
Rxb1 28. Qxb1 Rb8 29. Qa2 Qb6 30. Nc2 Bf8 31. Nxd4 cxd4 32. Bc1 Bb4 33. f4 exf4
34. gxf4 Bc3 35. Qg2 Nf8 36. f5 Qd6 37. Qg5 Rb1 38. Bf4 Qa6 39. fxg6 Qxg6 40.
Rc6 Qxg5+ 41. Bxg5 Ne6 42. Bf6 Bd2 43. Be5 Be3+ 44. Kg2 Rb2+ 45. Kh1 Nf4 46.
Rc8+ Kh7 47. Rh8+ Kg6 48. Rg8+ Kh6 49. Bxf4+ Bxf4 50. Rg2 Rb6 51. Rf2 Rf6 52.
Bh3 Kg7 53. Bf5 Be3 54. Rg2+ Kf8 55. Ra2 Rb6 56. Ra3 Rb2 57. h3 Kg7 58. Ra5 Rf2
59. Bc8 Kg6 60. Rf5 Rxf5 1/2-1/2

[Event "?"]
[Site "Siemens IMT Linz (01)"]
[Date "1996.??.??"]
[Round "?"]
[White "Rolletschek, H."]
[Black "Jonkman, H."]
[Result "0-1"]
[WhiteElo "2320"]
[BlackElo "2325"]
[PlyCount "134"]

1. e4 e5 2. Nf3 Nc6 3. Bb5 f5 4. Bxc6 bxc6 5. Nxe5 Qe7 6. d4 d6 7. Nxc6 Qxe4+
8. Qe2 Qxe2+ 9. Kxe2 Bb7 10. d5 Kd7 11. c4 Bxc6 12. dxc6+ Kxc6 13. Be3 Be7 14.
Nc3 Bf6 15. Rac1 Rb8 16. b3 Bxc3 17. Rxc3 Nf6 18. f3 Rhe8 19. Kd2 Nd7 20. Re1
a5 21. Ba7 Rxe1 22. Kxe1 Re8+ 23. Re3 Rxe3+ 24. Bxe3 a4 25. Kd2 axb3 26. axb3
Ne5 27. Kc3 Ng6 28. Bf2 h5 29. b4 Nf4 30. g3 Ne6 31. Be3 Kb7 32. Kd3 Kc6 33.
Bd4 Kd7 34. b5 Kc8 35. Be3 Kb7 36. Kc3 Kc8 37. c5 d5 38. c6 Kd8 39. Bd4 Ke7 40.
Be5 g6 41. Bxc7 Nxc7 42. b6 Kd6 43. Kb4 Ne6 44. c7 Kd7 45. Kb5 g5 46. f4 gxf4
47. gxf4 h4 48. Ka6 Nxc7+ 49. bxc7 Kxc7 50. Kb5 Kd6 51. h3 Kd7 52. Kc5 Ke6 53.
Kb4 Kd6 54. Kb5 d4 55. Kc4 d3 56. Kc3 Kc5 57. Kxd3 Kd5 58. Ke3 Kc4 59. Ke2 Kd4
60. Kf2 Ke4 61. Ke2 Kxf4 62. Kf2 Ke4 63. Ke2 f4 64. Kf2 f3 65. Kf1 Kf5 66. Ke1
Ke5 67. Kf1 Ke4 0-1

[Event "?"]
[Site "Siemens IMT Linz (02)"]
[Date "1996.??.??"]
[Round "?"]
[White "Gross, D."]
[Black "Hellmayr, A."]
[Result "0-1"]
[WhiteElo "2300"]
[BlackElo "2300"]
[PlyCount "68"]

1. e4 c5 2. Nf3 e6 3. d4 cxd4 4. Nxd4 a6 5. Nc3 Qc7 6. Be3 Nf6 7. Bd3 b5 8. f4
b4 9. Na4 Bb7 10. Qf3 d6 11. c3 Qa5 12. Bc2 Nbd7 13. O-O e5 14. Nf5 Bc6 15.
cxb4 Qxb4 16. a3 Qb7 17. fxe5 Nxe5 18. Qg3 Nh5 19. Qh4 g6 20. Bh6 gxf5 21. Qxh5
Bxe4 22. Bxe4 Qxe4 23. Bxf8 Rg8 24. Rf2 Kxf8 25. Qh6+ Rg7 26. Qxd6+ Kg8 27. Nb6
Rg6 28. Qc7 Re8 29. Raf1 Qe3 30. Nd5 Nf3+ 31. Kh1 Qxf2 32. Ne7+ Rxe7 33. Qc8+
Kg7 34. Qc3+ Qd4 0-1

[Event "?"]
[Site "Siemens IMT Linz (02)"]
[Date "1996.??.??"]
[Round "?"]
[White "Tibensky, R."]
[Black "Knoll, H."]
[Result "1-0"]
[WhiteElo "2425"]
[BlackElo "2245"]
[PlyCount "77"]

1. d4 Nf6 2. c4 g6 3. g3 Bg7 4. Bg2 O-O 5. Nf3 d5 6. cxd5 Nxd5 7. O-O Nc6 8. e4
Nb6 9. d5 Na5 10. Qe1 Nac4 11. Nc3 e6 12. b3 Ne5 13. Nxe5 Bxe5 14. f4 Bg7 15.
Ba3 Re8 16. d6 cxd6 17. Rd1 d5 18. Nb5 Bf8 19. Bb2 Bd7 20. Qc3 f6 21. Nd4 Qe7
22. exd5 exd5 23. a4 Rac8 24. Qd3 Qb4 25. f5 g5 26. Ne6 Be7 27. Bd4 Bxe6 28.
fxe6 Rf8 29. Kh1 Rc6 30. Bh3 Kg7 31. Qf3 Kh6 32. Bf5 Nc8 33. Qg4 Rh8 34. Qh3+
Kg7 35. Qh5 Nd6 36. Qxg5+ Kf8 37. Bxf6 Nxf5 38. Qxf5 Rg8 39. Bc3+ 1-0

[Event "?"]
[Site "Siemens IMT Linz (02)"]
[Date "1996.??.??"]
[Round "?"]
[White "Rolletschek, H."]
[Black "Lechtynsky, J."]
[Result "0-1"]
[WhiteElo "2320"]
[BlackElo "2425"]
[PlyCount "78"]

1. e4 e6 2. d3 d5 3. Nd2 c5 4. Ngf3 Nc6 5. g3 Bd6 6. Bg2 Nge7 7. O-O O-O 8. Nh4
Bc7 9. f4 f6 10. Re1 d4 11. a4 Rb8 12. Nc4 a6 13. Bh3 b5 14. axb5 axb5 15. Na3
Bd7 16. Qe2 e5 17. Bxd7 Qxd7 18. f5 Nc8 19. Bd2 Nd6 20. Reb1 Ra8 21. c3 Bb6 22.
Kg2 Ra7 23. Nc2 c4 24. Rxa7 Bxa7 25. b3 cxb3 26. Rxb3 Qf7 27. Rb2 Bc5 28. Nf3
dxc3 29. Bxc3 Ra8 30. Nd2 Ra2 31. Qd1 b4 32. Qb1 bxc3 33. Rxa2 cxd2 34. Ra8+
Ne8 35. Qd1 Kf8 36. Qxd2 Qb7 37. Ra2 Qb3 38. Ne1 Qb4 39. Qxb4 Nxb4 $136 0-1

[Event "?"]
[Site "Siemens IMT Linz (03)"]
[Date "1996.??.??"]
[Round "?"]
[White "Banas, J."]
[Black "Tibensky, R."]
[Result "1/2-1/2"]
[WhiteElo "2370"]
[BlackElo "2425"]
[PlyCount "41"]

1. e4 d6 2. d4 Nf6 3. Nc3 g6 4. Nf3 Bg7 5. Be2 O-O 6. O-O c6 7. h3 b5 8. e5 Ne8
9. Bf4 Bf5 10. Bd3 Bxd3 11. Qxd3 d5 12. Qd2 Nc7 13. Bh6 f6 14. Bxg7 Kxg7 15. a4
Nd7 16. Rfe1 b4 17. Na2 a5 18. c3 fxe5 19. Nxe5 Nxe5 20. Rxe5 bxc3 21. Qxc3
1/2-1/2

[Event "?"]
[Site "Siemens IMT Linz (03)"]
[Date "1996.??.??"]
[Round "?"]
[White "Lechtynsky, J."]
[Black "Jonkman, H."]
[Result "1-0"]
[WhiteElo "2425"]
[BlackElo "2325"]
[PlyCount "77"]

1. Nf3 d5 2. d4 Nf6 3. c4 dxc4 4. Qa4+ Nbd7 5. Qxc4 e6 6. g3 a6 7. Qc2 b5 8.
Qc6 Ra7 9. Bg2 Bb7 10. Qc2 Be4 11. Qd1 c5 12. Nc3 Ba8 13. O-O Be7 14. dxc5 Bxc5
15. Bf4 O-O 16. a3 Nd5 17. Nxd5 Bxd5 18. Qc2 Be7 19. e4 Ba8 20. Rac1 Nf6 21.
Ne5 Qa5 22. Be3 Rb7 23. Nc6 Qc7 24. Nxe7+ Qxe7 25. Bc5 Qe8 26. Bxf8 Qxf8 27. e5
Nd5 28. Bxd5 exd5 29. Qc8 Rb8 30. Qxf8+ Kxf8 31. Rc7 Rd8 32. Rfc1 Ke8 33. f4 d4
34. Rc8 d3 35. Kf2 Be4 36. Rxd8+ Kxd8 37. Ke3 Bf5 38. Rc6 a5 39. Rc5 1-0

[Event "?"]
[Site "Siemens IMT Linz (03)"]
[Date "1996.??.??"]
[Round "?"]
[White "Hellmayr, A."]
[Black "Rolletschek, H."]
[Result "0-1"]
[WhiteElo "2300"]
[BlackElo "2320"]
[PlyCount "122"]

1. g3 g6 2. Bg2 Bg7 3. d4 f5 4. Nc3 Nf6 5. h4 d5 6. Bg5 c6 7. Qd2 Be6 8. Nh3 h6
9. Bf4 Nbd7 10. f3 Nh5 11. O-O-O Bf7 12. e4 Nxf4 13. Nxf4 e6 14. exf5 gxf5 15.
Qe3 Qf6 16. g4 O-O-O 17. gxf5 Qxf5 18. Bh3 Qf6 19. h5 Rde8 20. Rhg1 Rhg8 21.
Ng6 Nf8 22. Nf4 Kb8 23. Qd2 e5 24. dxe5 Rxe5 25. Qh2 Ka8 26. Bg4 Re7 27. Nd3
Ne6 28. Rge1 Rge8 29. Qd6 Nf4 30. Qxf6 Nxd3+ 31. cxd3 Bxf6 32. Rxe7 Bg5+ 33.
Kc2 Rxe7 34. d4 Kb8 35. Rf1 Bf4 36. Rd1 Kc7 37. b4 Kd6 38. a3 b6 39. Rg1 Re3
40. Rd1 Bg8 41. Kb2 Bh7 42. b5 Bd3 43. bxc6 Kxc6 44. a4 a6 45. Rd2 b5 46. Nd1
Rxf3 47. axb5+ axb5 48. Nf2 Bxd2 49. Bxf3 Bc4 50. Ng4 b4 51. Ne5+ Kb5 52. Nxc4
dxc4 53. Kc2 Bc3 54. d5 Be5 55. Bd1 b3+ 56. Kb1 Kb4 57. Bg4 c3 58. Bf5 Bf4 59.
Bd3 Kc5 60. Bg6 Kd4 61. Bh7 Ke3 0-1

[Event "?"]
[Site "Siemens IMT Linz (04)"]
[Date "1996.??.??"]
[Round "?"]
[White "Tibensky, R."]
[Black "Weiss, Ch"]
[Result "1-0"]
[WhiteElo "2425"]
[BlackElo "2290"]
[PlyCount "111"]

1. d4 g6 2. g3 Bg7 3. Bg2 d6 4. Nf3 c5 5. O-O cxd4 6. Nxd4 Nf6 7. c4 O-O 8. Nc3
a6 9. h3 Qc7 10. b3 Nc6 11. Be3 Bd7 12. Rc1 Qa5 13. c5 d5 14. Nxc6 bxc6 15. Bd4
Qc7 16. f4 Nh5 17. Bxg7 Kxg7 18. Qd4+ f6 19. Qf2 e5 20. e3 f5 21. Na4 Rae8 22.
Nb2 Bc8 23. Nd3 e4 24. Ne1 g5 25. Nc2 Re6 26. Kh2 Rg6 27. Rg1 Kh6 28. Bf1 Rfg8
29. Be2 gxf4 30. gxf4 Ng3 31. Nd4 Qe7 32. Rg2 Nxe2 33. Rxg6+ Rxg6 34. Qxe2 a5
35. a3 Qa7 36. Qf2 Kh5 37. Qe2+ Kh6 38. b4 axb4 39. axb4 Qa3 40. Qd2 Kh5 41.
Rg1 Bd7 42. Rb1 Bc8 43. Qd1+ Kh6 44. Qb3 Qa7 45. Qb2 Qc7 46. Qb3 Qg7 47. Qc2
Qa7 48. b5 cxb5 49. Rxb5 Qa3 50. Rb3 Qa5 51. Rb1 Qa3 52. Qc1 Qa7 53. c6 Qe7 54.
Qe1 Qa3 55. Nxf5+ Bxf5 56. Qh4+ 1-0

[Event "?"]
[Site "Siemens IMT Linz (04)"]
[Date "1996.??.??"]
[Round "?"]
[White "Rolletschek, H."]
[Black "Knoll, H."]
[Result "1-0"]
[WhiteElo "2320"]
[BlackElo "2245"]
[PlyCount "133"]

1. e4 c6 2. d4 d5 3. Nd2 dxe4 4. Nxe4 Nd7 5. Nf3 Ngf6 6. Ng3 e6 7. Bc4 Be7 8.
O-O O-O 9. Qe2 Nb6 10. Bb3 a5 11. c3 a4 12. Bc2 a3 13. b3 c5 14. dxc5 Bxc5 15.
c4 Nbd7 16. Ne4 Nxe4 17. Qxe4 Nf6 18. Qh4 Be7 19. Be3 Ra5 20. Rad1 Qc7 21. Bf4
Qc5 22. Ne5 h6 23. b4 Qxb4 24. Bd2 Qb2 25. Bxa5 Qxc2 26. Rd2 Qf5 27. Qd4 Ne4
28. Re2 Nc5 29. Rd1 f6 30. Bb6 Na4 31. Nf3 e5 32. Qe3 Nb2 33. Rc1 Qe6 34. Qb3
Qf7 35. Ba5 Be6 36. Rec2 Bc5 37. Bb4 Bxb4 38. Qxb4 Nd3 39. Qxa3 Nxc1 40. Qxc1
Rc8 41. Nd2 Rc6 42. a3 Qc7 43. h3 Rc5 44. a4 Ra5 45. Qa3 Qd7 46. Rb2 Rxa4 47.
Qb3 Ra1+ 48. Kh2 Qd4 49. Qb6 Qf4+ 50. g3 Qf5 51. g4 Qf4+ 52. Kg2 Bxg4 53. Qxb7
Bxh3+ 54. Kxh3 Qf5+ 55. Kh4 h5 56. Qd5+ Kh7 57. Qe4 Kg6 58. Rc2 Ra3 59. Qxf5+
Kxf5 60. f3 g6 61. c5 Ra4+ 62. Ne4 Ra7 63. c6 Rc7 64. Nd6+ Ke6 65. Nb5 Rc8 66.
c7 Kd7 67. Rc5 1-0

[Event "?"]
[Site "Siemens IMT Linz (04)"]
[Date "1996.??.??"]
[Round "?"]
[White "Gross, D."]
[Black "Banas, J."]
[Result "1/2-1/2"]
[WhiteElo "2300"]
[BlackElo "2370"]
[PlyCount "48"]

1. d4 Nf6 2. Nf3 g6 3. c4 Bg7 4. g3 O-O 5. Bg2 d5 6. cxd5 Nxd5 7. O-O Nb6 8.
Nc3 Nc6 9. d5 Na5 10. Qc2 Nxd5 11. Rd1 c6 12. Ne1 Bd7 13. Nxd5 cxd5 14. Rxd5 e6
15. Rd3 Qc8 16. Bd2 Nc6 17. Be3 e5 18. Rd2 Bf5 19. Be4 Bxe4 20. Qxe4 Qe6 21.
Qd5 Qxd5 22. Rxd5 Rfd8 23. Rad1 Rxd5 24. Rxd5 Rd8 1/2-1/2

[Event "?"]
[Site "Siemens IMT Linz (04)"]
[Date "1996.??.??"]
[Round "?"]
[White "Lechtynsky, J."]
[Black "Hellmayr, A."]
[Result "1/2-1/2"]
[WhiteElo "2425"]
[BlackElo "2300"]
[PlyCount "51"]

1. d4 Nf6 2. c4 e6 3. Nf3 b6 4. g3 Bb4+ 5. Bd2 Be7 6. Nc3 d5 7. cxd5 exd5 8.
Ne5 O-O 9. Bg2 Bb7 10. O-O Nbd7 11. Bf4 Re8 12. Qa4 Nxe5 13. dxe5 Nh5 14. Be3
g6 15. f4 f5 16. Bf2 c6 17. Rfd1 Qb8 18. Rac1 Ng7 19. b4 b5 20. Qb3 a5 21. a3
Kh8 22. Ra1 Ne6 23. e3 Ra6 24. Qb2 Qc7 25. Rac1 Qb8 26. Ra1 1/2-1/2

[Event "?"]
[Site "Siemens IMT Linz (04)"]
[Date "1996.??.??"]
[Round "?"]
[White "Jonkman, H."]
[Black "Kranzl, P."]
[Result "0-1"]
[WhiteElo "2325"]
[BlackElo "2225"]
[PlyCount "110"]

1. e4 c6 2. d4 d5 3. Nc3 dxe4 4. Nxe4 Nd7 5. Bc4 Ngf6 6. Ng5 e6 7. Qe2 Nb6 8.
Bb3 h6 9. N5f3 a5 10. a3 a4 11. Ba2 c5 12. Bf4 Nbd5 13. Be5 Qa5+ 14. Nd2 cxd4
15. Ngf3 Be7 16. Nxd4 O-O 17. c4 Nb6 18. O-O Nbd7 19. Bg3 Nc5 20. Rad1 Bd7 21.
Bb1 Rfd8 22. N2f3 Be8 23. Ne5 Qb6 24. Nef3 Rac8 25. h3 Nb3 26. Nc2 Bc6 27. Ne5
Be4 28. Rxd8+ Rxd8 29. Rd1 Nc5 30. Nb4 Rxd1+ 31. Qxd1 Bxb1 32. Qxb1 Nce4 33.
Nd7 Qd4 34. Nxf6+ Bxf6 35. Qd3 Nxg3 36. Qxg3 Qxb2 37. Qb8+ Kh7 38. Qxb7 Qxa3
39. Qe4+ g6 40. Nc2 Qc3 41. c5 a3 42. Qa4 Qxc5 43. Nxa3 Bd4 44. Kf1 Bxf2 45.
Qf4 Kg7 46. Qxf2 Qxa3 47. Qd4+ Kh7 48. Qe4 Qc5 49. Qb7 Kg7 50. Qb2+ e5 51. Qa1
Qc4+ 52. Ke1 Qe4+ 53. Kf1 Qd4 54. Qa2 e4 55. h4 Qf6+ 0-1

[Event "?"]
[Site "Siemens IMT Linz (05)"]
[Date "1996.??.??"]
[Round "?"]
[White "Weiss, Ch"]
[Black "Gross, D."]
[Result "0-1"]
[WhiteElo "2290"]
[BlackElo "2300"]
[PlyCount "74"]

1. e3 d5 2. f4 g6 3. Nf3 Bg7 4. d4 Nf6 5. Bd3 O-O 6. O-O c5 7. c3 b6 8. Nbd2
Ba6 9. Ne5 Bxd3 10. Nxd3 Nbd7 11. Qf3 Qc7 12. g4 e6 13. Ne5 b5 14. g5 Ne8 15.
a4 b4 16. c4 Rd8 17. cxd5 exd5 18. Qh3 Nd6 19. Ndf3 Nf5 20. Nh4 Nxh4 21. Qxh4
a5 22. Ng4 f5 23. gxf6 Nxf6 24. dxc5 Ne4 25. Qe1 Qxc5 26. Nf2 Rfe8 27. Qd1 Nxf2
28. Kxf2 d4 29. Qb3+ Kh8 30. Re1 Qh5 31. Kg3 Bf6 32. Rf1 Qh4+ 33. Kg2 Qg4+ 34.
Kh1 Qh3 35. Qc4 dxe3 36. Qe2 Qh5 37. Rf3 Rd1+ 0-1

[Event "?"]
[Site "Siemens IMT Linz (05)"]
[Date "1996.??.??"]
[Round "?"]
[White "Banas, J."]
[Black "Rolletschek, H."]
[Result "1/2-1/2"]
[WhiteElo "2370"]
[BlackElo "2320"]
[PlyCount "136"]

1. c4 g6 2. g3 Bg7 3. Bg2 e5 4. Nc3 Ne7 5. d3 O-O 6. e4 d6 7. Nge2 Be6 8. Be3
c6 9. Qd2 Nd7 10. O-O f5 11. b3 Nf6 12. Bg5 Qd7 13. Rad1 Rad8 14. exf5 Nxf5 15.
Ne4 Rc8 16. Nxf6+ Bxf6 17. Bxf6 Rxf6 18. d4 exd4 19. Nxd4 Rcf8 20. Nxf5 Bxf5
21. Qe3 a6 22. Rd2 Re8 23. Qd4 Qe7 24. h4 Re6 25. Rfd1 Rd8 26. Qf4 Re1+ 27.
Rxe1 Qxe1+ 28. Kh2 Qe7 29. h5 Be6 30. hxg6 hxg6 31. Re2 Rf8 32. Qe3 Rf6 33. Kg1
Qf7 34. Rd2 Bf5 35. Qd4 Qe7 36. Rd1 Re6 37. Bf3 Re1+ 38. Rxe1 Qxe1+ 39. Kg2 Qe7
40. b4 c5 41. Bd5+ Kh7 42. bxc5 dxc5 43. Qf4 Kg7 44. g4 Bd3 45. g5 Be2 46. Qd2
b5 47. cxb5 axb5 48. f4 b4 49. Kf2 Bg4 50. Kg3 Qe2 51. Qxe2 Bxe2 52. Kf2 Bd3
53. Be6 Kf8 54. Ke3 Bb1 55. Bc4 Ke7 56. Kd2 Bf5 57. Bb3 Kd6 58. Bc4 Be4 59. Ke3
Bd5 60. Kd3 Be6 61. Bb3 Ke7 62. Ke3 c4 63. Bc2 Bf7 64. f5 gxf5 65. Bxf5 c3 66.
Bb1 Be6 67. g6 Kf6 68. a4 bxa3 1/2-1/2

[Event "?"]
[Site "Siemens IMT Linz (05)"]
[Date "1996.??.??"]
[Round "?"]
[White "Knoll, H."]
[Black "Lechtynsky, J."]
[Result "0-1"]
[WhiteElo "2245"]
[BlackElo "2425"]
[PlyCount "90"]

1. e3 c5 2. d4 Nf6 3. Nf3 e6 4. Be2 Be7 5. O-O O-O 6. b3 b6 7. Bb2 Bb7 8. Nbd2
d6 9. c4 Nbd7 10. Qc2 Qc7 11. Rac1 Rac8 12. Qb1 Qb8 13. dxc5 bxc5 14. Rfd1 Bc6
15. Bc3 Qa8 16. Bd3 h6 17. h3 Rfe8 18. Re1 Nf8 19. Qb2 Rb8 20. Ra1 Qb7 21. Reb1
Qc7 22. a3 N8d7 23. b4 Nb6 24. bxc5 Nxc4 25. cxd6 Bxd6 26. Qc1 Rxb1 27. Bxb1
Nxd2 28. Nxd2 Bh2+ 29. Kh1 Be5 30. Bxe5 Qxe5 31. Ba2 Rc8 32. Kg1 Bb7 33. Qd1
Rd8 34. Rb1 Be4 35. Rb4 Qg5 36. g3 Ba8 37. Qb1 Nd5 38. Ne4 Qe5 39. Rd4 Rb8 40.
Qc1 Nb6 41. f4 Qa5 42. Qc3 Qh5 43. Qc7 Rc8 44. Bb1 Bd5 45. Qe7 Qe2 0-1

[Event "?"]
[Site "Siemens IMT Linz (05)"]
[Date "1996.??.??"]
[Round "?"]
[White "Hellmayr, A."]
[Black "Jonkman, H."]
[Result "0-1"]
[WhiteElo "2300"]
[BlackElo "2325"]
[PlyCount "60"]

1. e3 e6 2. c4 d5 3. b3 Nf6 4. Nf3 c6 5. Bb2 Bd6 6. Be2 Nbd7 7. O-O O-O 8. d4
Qe7 9. Nc3 b6 10. Qc2 Bb7 11. e4 Nxe4 12. Nxe4 dxe4 13. Qxe4 f5 14. Qc2 c5 15.
Rfe1 Be4 16. Qd2 h6 17. Ne5 Rfd8 18. f3 Nxe5 19. fxe4 cxd4 20. exf5 Bb4 21. Qf4
Bxe1 22. Rxe1 exf5 23. Qxf5 d3 24. Bf1 Nf3+ 25. Qxf3 Qxe1 26. Qb7 Qe3+ 27. Kh1
Qg5 28. Bxd3 Rxd3 29. Qxa8+ Rd8 30. Qf3 Qd2 0-1

[Event "?"]
[Site "Siemens IMT Linz (05)"]
[Date "1996.??.??"]
[Round "?"]
[White "Kranzl, P."]
[Black "Tibensky, R."]
[Result "0-1"]
[WhiteElo "2225"]
[BlackElo "2425"]
[PlyCount "80"]

1. e4 e6 2. d4 d5 3. Nd2 Nf6 4. Bd3 c5 5. e5 Nfd7 6. c3 Nc6 7. Ne2 cxd4 8. cxd4
f6 9. Nf4 Nxd4 10. Qh5+ Ke7 11. exf6+ Nxf6 12. Ng6+ hxg6 13. Qxh8 Kf7 14. f4
Qb6 15. O-O e5 16. fxe5 Nf3+ 17. Kh1 Nxe5 18. Be2 Bf5 19. Nf3 Neg4 20. Ng5+ Ke7
21. Bxg4 Nxg4 22. b3 Kd7 23. Qg8 Qd4 24. Bb2 Qxb2 25. Qxd5+ Kc7 26. Rac1+ Kb6
27. a4 a6 28. a5+ Ka7 29. Rc7 Rb8 30. Rfc1 Be7 31. Nf3 Qxg2+ 32. Kxg2 Ne3+ 33.
Kf2 Nxd5 34. R7c4 Nb4 35. Ne5 Bd6 36. Kg2 Bxe5 37. Rxb4 Rd8 38. Rf1 Rd3 39. Rf3
Rxf3 40. Kxf3 Bxh2 0-1

[Event "?"]
[Site "Siemens IMT Linz (06)"]
[Date "1996.??.??"]
[Round "?"]
[White "Lechtynsky, J."]
[Black "Banas, J."]
[Result "1/2-1/2"]
[WhiteElo "2425"]
[BlackElo "2370"]
[PlyCount "50"]

1. d4 d6 2. c4 g6 3. Nc3 Bg7 4. e4 Nf6 5. Nf3 O-O 6. Be3 e5 7. dxe5 dxe5 8.
Qxd8 Rxd8 9. Nd5 Nxd5 10. cxd5 c6 11. Bc4 cxd5 12. Bxd5 Nc6 13. Bxc6 bxc6 14.
Rc1 Be6 15. b3 a5 16. Nd2 a4 17. O-O axb3 18. axb3 Rab8 19. Rc3 h5 20. Rfc1 Rb5
21. Kf1 Rdb8 22. Rxc6 Bxb3 23. Rc8+ Kh7 24. Rxb8 Rxb8 25. Nxb3 Rxb3 1/2-1/2

[Event "?"]
[Site "Siemens IMT Linz (06)"]
[Date "1996.??.??"]
[Round "?"]
[White "Gross, D."]
[Black "Kranzl, P."]
[Result "1-0"]
[WhiteElo "2300"]
[BlackElo "2225"]
[PlyCount "69"]

1. d4 Nf6 2. Nf3 g6 3. g3 Bg7 4. Bg2 O-O 5. O-O d6 6. b3 c6 7. Bb2 Qa5 8. Nbd2
Qh5 9. e4 Bg4 10. Re1 Nbd7 11. Qe2 e5 12. Qf1 exd4 13. Nxd4 Nb6 14. h3 Bd7 15.
a4 Qa5 16. Rad1 d5 17. e5 Ne8 18. f4 Nc7 19. c4 dxc4 20. Nxc4 Nxc4 21. Qxc4 Be6
22. Bc3 Qb6 23. a5 Bxc4 24. axb6 Nd5 25. Bb2 Ba6 26. Bxd5 cxd5 27. bxa7 Rfc8
28. Rc1 Re8 29. Rc7 Rxa7 30. e6 f6 31. Nc6 Raa8 32. Ne7+ Kh8 33. Nxd5 Rf8 34.
g4 Rac8 35. e7 1-0

[Event "?"]
[Site "Siemens IMT Linz (06)"]
[Date "1996.??.??"]
[Round "?"]
[White "Jonkman, H."]
[Black "Tibensky, R."]
[Result "0-1"]
[WhiteElo "2325"]
[BlackElo "2425"]
[PlyCount "148"]

1. e4 e6 2. d4 d5 3. e5 c5 4. c3 Nc6 5. Be3 Qb6 6. Qd2 Bd7 7. Nf3 Rc8 8. Be2
cxd4 9. cxd4 Bb4 10. Nc3 Na5 11. O-O Ne7 12. Rfc1 O-O 13. Rab1 Rc7 14. Qd1 Nc4
15. Bxc4 Rxc4 16. Ne2 Qa6 17. a3 Ba5 18. Bg5 f6 19. Bd2 Bc7 20. Bb4 Rf7 21.
Bxe7 Rxe7 22. Qd2 Be8 23. Nf4 Rc6 24. Re1 f5 25. Rec1 h6 26. h4 Qb6 27. b4 a6
28. Rb2 Bd8 29. Rc5 Qa7 30. Kh2 Qb8 31. g3 Qc8 32. Rbc2 Rec7 33. Qc1 g5 34.
hxg5 hxg5 35. Nd3 Rg7 36. Kg2 Qd7 37. Rxc6 bxc6 38. Nc5 Qf7 39. Qd2 Qh5 40.
Nxe6 Rh7 41. Ng1 Qh1+ 42. Kf1 Rh2 43. Qd3 Qg2+ 44. Ke1 Qxg1+ 45. Qf1 Rh1 46.
Qxg1 Rxg1+ 47. Kd2 Bb6 48. Nxg5 Ra1 49. Ke3 Rxa3+ 50. Kf4 Kg7 51. Rc1 Kg6 52.
Nf3 Bd8 53. Rh1 Ra2 54. Rh8 Re2 55. Nh4+ Bxh4 56. Rxe8 Kf7 57. Rc8 Rxf2+ 58.
Ke3 Bxg3 59. Rc7+ Ke8 60. Rxc6 Rb2 61. Re6+ Kd7 62. Rxa6 Rb3+ 63. Ke2 f4 64.
Rf6 Rxb4 65. Rd6+ Ke7 66. Rxd5 Rb3 67. Ra5 f3+ 68. Kd2 Bf4+ 69. Kc2 f2 70. Ra1
Re3 71. d5 Rxe5 72. Rf1 Bg3 73. Kd2 Kd8 74. d6 Kd7 0-1

[Event "?"]
[Site "Siemens IMT Linz (06)"]
[Date "1996.??.??"]
[Round "?"]
[White "Hellmayr, A."]
[Black "Knoll, H."]
[Result "1/2-1/2"]
[WhiteElo "2300"]
[BlackElo "2245"]
[PlyCount "224"]

1. g3 d5 2. Bg2 Nf6 3. Nf3 Bf5 4. d3 e6 5. Nbd2 Be7 6. O-O h6 7. b3 O-O 8. Bb2
Nbd7 9. e3 a5 10. a4 Bh7 11. Qe2 c6 12. e4 Bc5 13. e5 Ne8 14. Kh1 Nc7 15. Ng1
Be7 16. f4 f5 17. exf6 Bxf6 18. Bxf6 Qxf6 19. Ndf3 Qc3 20. Bh3 Kh8 21. Ne5 Nxe5
22. Qxe5 Qxe5 23. fxe5 Bf5 24. Kg2 g5 25. g4 Bg6 26. Kg3 Kg7 27. Bg2 Na6 28.
Rxf8 Rxf8 29. Nf3 c5 30. h4 Nb4 31. Rc1 gxh4+ 32. Nxh4 Nc6 33. c4 Nd4 34. Re1
Bxd3 35. cxd5 exd5 36. Bxd5 b6 37. Re3 Bc2 38. Ng2 h5 39. Nh4 hxg4 40. Kxg4 Rh8
41. Rg3 Kf8 42. Rg2 Bd1+ 43. Kg5 Ke8 44. Ng6 Rh5+ 45. Kf6 Rf5+ 46. Kg7 Rf1 47.
Rh2 Nf5+ 48. Kg8 Rg1 49. Bf7+ Kd8 50. Rd2+ Kc7 51. Kf8 Nd4 52. Rxd1 Rxd1 53. e6
Nxe6+ 54. Bxe6 Kd6 55. Bc4 Rc1 56. Ne7 Rd1 57. Nc8+ Kc7 58. Na7 Re1 59. Nb5+
Kd7 60. Kf7 Re3 61. Kf6 Kc6 62. Kf5 Kd7 63. Kf4 Re1 64. Nc3 Kc6 65. Ne4 Kd7 66.
Ke5 Rh1 67. Bb5+ Kc7 68. Bc4 Rh5+ 69. Kf4 Rh4+ 70. Ke3 Rh3+ 71. Kd2 Kc6 72. Kc2
Rh2+ 73. Kc3 Rh3+ 74. Bd3 Kd5 75. Nd2 Rh4 76. Nc4 Kc6 77. Ne3 Kb7 78. Nf1 Kc6
79. Nd2 Kd5 80. Bc4+ Kd6 81. Be2 Kc7 82. Bf3 Rf4 83. Be4 Rf2 84. Kd3 Rh2 85.
Nf3 Rf2 86. Kc4 Re2 87. Bd3 Rf2 88. Ng5 Rf4+ 89. Ne4 Kc6 90. Kc3 Kd5 91. Nd2
Rh4 92. Be2 Rh3+ 93. Bf3+ Kd6 94. Kc4 Kc7 95. Kb5 Rg3 96. Bd5 Rc3 97. Be6 Rg3
98. Bf7 Rd3 99. Nb1 Rf3 100. Bc4 Re3 101. Ka6 Rh3 102. Na3 Rh5 103. Nb5+ Kc6
104. Na7+ Kc7 105. Be2 Rh3 106. Bc4 Rh5 107. Nb5+ Kc6 108. Nc3 Re5 109. Nd5
Rxd5 110. Bxd5+ Kxd5 111. Kxb6 c4 112. bxc4+ Kxc4 1/2-1/2